Paintings, drawings, and sculpture in the Amon G. Carter collection

Na minha lista:
Detalhes bibliográficos
Autor principal: Charles M Russell
Formato: Livro
Idioma:Undetermined
Publicado em: London Amon Carter Museaum of Western Art 1966
Assuntos:
Tags: Adicionar Tag
Sem tags, seja o primeiro a adicionar uma tag!
Thư viện lưu trữ: Trung tâm Học liệu Trường Đại học Cần Thơ
LEADER 00535nam a2200181Ia 4500
001 CTU_26632
008 210402s9999 xx 000 0 und d
082 |a 709.73 
082 |b R414 
100 |a Charles M Russell 
245 0 |a Paintings, drawings, and sculpture in the Amon G. Carter collection 
245 0 |c Charles M Russell 
260 |a London 
260 |b Amon Carter Museaum of Western Art 
260 |c 1966 
650 |a arts - history 
904 |i Minh, 981015 
980 |a Trung tâm Học liệu Trường Đại học Cần Thơ